000 00634nam a2200205Ii 4500
001 11797
003 CO-ViMGA
008 241108s9999||||xx |||||||||||||| ||und||
020 _a8486584477
040 _aCO-ViMGA
_bspa
_erda
_cCO-ViMGA
041 0 _aunk
082 0 4 _aR 747.78 E56
245 1 0 _aEnciclopedia de la Construcción:
_bDiseños de cocinas y baños
264 1 _a[Lugar de publicación no identificado] : Ediciones Daly, [199?]
300 _avolumen
336 _atext
_btxt
_2rdacontent
337 _aunmediated
_bn
_2rdamedia
338 _avolume
_bnc
_2rdacarrier
940 _aidficha_siabuc: 11517. -- ficha_no_siabuc:11797
999 _c55751
_d55751